000
00336nam a22001457a 4500
008
230516b ||||| |||| 00| 0 eng d
020
_a
9781260199772
041
_a
eng
080
_2
FOURTH EDITION
_a
616.12
082
_a
616.12BOO
100
_a
11
101
_a
KARDIO
245
_a
ELECTROCARDIOGRAPHY
_c
BOOTH.A.K
942
_2
udc
_c
BK
999
_c
59738
_d
59738